000
00298nam a22001337a 4500
008
180918b xxu||||| |||| 00| 0 eng d
020
_a
9780721659442
041
_a
eng
080
_a
169.9
100
_a
48
101
_a
PSI
245
_a
Textbook Medical Physiology
_c
Hall.G
942
_2
udc
_c
BK
999
_c
47957
_d
47957